Truyện Lỗ Tấn = Lỗ Tấn Truyện

Đã lưu trong:
書目詳細資料
主要作者: Lâm Chí Hạo
格式: 圖書
語言:Undetermined
出版: Tp. HCM Văn Nghệ 2002
主題:
標簽: 添加標簽
沒有標簽, 成為第一個標記此記錄!
Thư viện lưu trữ: Trung tâm Học liệu Trường Đại học Cần Thơ
LEADER 00627nam a2200205Ia 4500
001 CTU_54842
008 210402s9999 xx 000 0 und d
020 |b 97000 
082 |a 895.13081 
082 |b H108 
100 |a Lâm Chí Hạo 
245 0 |a Truyện Lỗ Tấn 
245 0 |b = Lỗ Tấn Truyện 
245 0 |c Lâm Chí Hạo; Lương Duy Thứ và Nguyễn Thị Minh Hồng dịch 
260 |a Tp. HCM 
260 |b Văn Nghệ 
260 |c 2002 
650 |a historical fiction, chinese,writers 
650 |x biography 
980 |a Trung tâm Học liệu Trường Đại học Cần Thơ